Cảm nhận cuộc sống qua 210 câu chuyện

Guardat en:
Dades bibliogràfiques
Format: Llibre
Idioma:Undetermined
Publicat: Hà Nội Lao động - Xã hội 2007
Matèries:
Etiquetes: Afegir etiqueta
Sense etiquetes, Sigues el primer a etiquetar aquest registre!
Thư viện lưu trữ: Trung tâm Học liệu Trường Đại học Cần Thơ
LEADER 00551nam a2200181Ia 4500
001 CTU_128583
008 210402s9999 xx 000 0 und d
020 |c 38000 
082 |a 808.8 
082 |b C104 
245 0 |a Cảm nhận cuộc sống qua 210 câu chuyện 
245 0 |c Trần Giang Sơn, Trần Thị Quyên (biên soạn) 
260 |a Hà Nội 
260 |b Lao động - Xã hội 
260 |c 2007 
650 |a Short stories 
904 |i Hiếu 
980 |a Trung tâm Học liệu Trường Đại học Cần Thơ